MARC details
| 000 -LEADER |
| campo de control de longitud fija |
03512nmm a2200373 a 4500 |
| 003 - IDENTIFICADOR DE NÚMERO DE CONTROL |
| campo de control |
CO-BoRNBP |
| 005 - FECHA Y HORA DE LA ÚLTIMA TRANSACCIÓN |
| campo de control |
20250729215647.0 |
| 007 - CAMPO FIJO DE DESCRIPCIÓN FÍSICA--INFORMACIÓN GENERAL |
| campo de control de longitud fija |
ta |
| 008 - DATOS DE LONGITUD FIJA--INFORMACIÓN GENERAL |
| campo de control de longitud fija |
00003022007 ck g spa spa |
| 020 ## - NÚMERO INTERNACIONAL ESTÁNDAR DEL LIBRO |
| Número Internacional Estándar del Libro |
9789588203201 |
| 020 ## - NÚMERO INTERNACIONAL ESTÁNDAR DEL LIBRO |
| Número Internacional Estándar del Libro |
95882032001 |
| 040 ## - FUENTE DE CATALOGACIÓN |
| Centro catalogador/agencia de origen |
CO-BoRNBP |
| Lengua de catalogación |
spa |
| Normas de descripción |
rda |
| Centro/agencia transcriptor |
CO-BoRNBP |
| 041 ## - CÓDIGO DE IDIOMA |
| Código de lengua del texto/banda sonora o título independiente |
spa |
| 082 04 - NÚMERO DE LA CLASIFICACIÓN DECIMAL DEWEY |
| Número de clasificación |
R 636.4 R744m |
| Número de edición |
22 |
| 100 1# - ENTRADA PRINCIPAL--NOMBRE DE PERSONA |
| Nombre de persona |
Roldán G., Juan Carlos |
| Término indicativo de función/relación |
autor |
| 245 #0 - MENCIÓN DEL TÍTULO |
| Título |
Manual de explotación y reproducción en porcinos |
| Mención de responsabilidad, etc. |
/ Juan Carlos Roldán G. ...[ y otros cuatro]; fotografía Felipe Durán Ramírez, Luis Felipe Durán Naranjo, Jonathan Durán Naranjo director editorial Felipe Durán Ramírez |
| Medio |
recurso electrónico |
| 250 ## - MENCION DE EDICION |
| Mención de edición |
Segunda edición |
| 264 ## - PRODUCCIÓN, PUBLICACIÓN, DISTRIBUCIÓN, FABRICACIÓN Y COPYRIGHT |
| Producción, publicación, distribución, fabricación y copyright |
Bogotá, Colombia |
| Nombre del de productor, editor, distribuidor, fabricante |
: Grupo Latino |
| Fecha de producción, publicación, distribución, fabricación o copyright |
, 2007 |
| 300 ## - DESCRIPCIÓN FÍSICA |
| Extensión |
192 páginas |
| Otras características físicas |
ilustraciones a color |
| Dimensiones |
26 centímetros |
| 336 ## - TIPO DE CONTENIDO |
| Término de tipo de contenido |
texto |
| Código de tipo de contenido |
txt |
| Fuente |
rdacontent |
| 337 ## - TIPO DE MEDIO |
| Nombre/término del tipo de medio |
sin mediación |
| Código del tipo de medio |
n |
| Fuente |
rdamedia |
| 338 ## - TIPO DE SOPORTE |
| Nombre/término del tipo de soporte |
volumen |
| Código del tipo de soporte |
nc |
| Fuente |
rdacarrier |
| 490 ## - MENCIÓN DE SERIE |
| Mención de serie |
Volvamos al campo |
| 500 ## - NOTA GENERAL |
| Nota general |
Incluye índice |
| 504 ## - NOTA DE BIBLIOGRAFÍA, ETC. |
| Nota de bibliografía, etc. |
Incluye referencias bibliográficas |
| 520 ## - RESUMEN, ETC. |
| Sumario, etc. |
La obra consta de siete capítulos en los cuales se hace una descripción de las características anatómicas de los porcinos, la función que desempeñan los diferentes órganos en cada sistema con el fin de dar un tratamiento acorde a su funcionamiento. asimismo, se presenta de manera pormenorizada la actividad reproductiva tanto del verraco como de la hembra, contemplando las diversas fases del desarrollo, el comportamiento hormonal, las características de la monta y preñez, los instrumentos y técnicas utilizadas durante la gestación, al igual que los cuidados en el momento del parto y la lactancia de los lechones. se hace especial énfasis en la inseminación artificial como la técnica de reproducción que permite al pequeño y mediano porcinocultor, mejorar la productividad de su granja, teniendo en cuenta que el cerdo es el animal de mayor prolificidad, lo cual permite una selección efectiva de las razas según su propósito. por otra parte se dan a conocer los avances logrados en clonación de porcinos y las expectativas que en este sentido tiene la comunidad económica. el punto de partida para el éxito de una explotación porcina radica en sus instalaciones, aquí se enseña cómo diseñar y construir unas instalaciones económicas, funcionales que faciliten los procesos para un adecuado manejo y preservación de la sanidad de los porcinos, además se dan a conocer las instrucciones pertinentes para la construcción de diversas clases de biodigestores de manera que se pueda aprovechar el estiércol como fuente de energía para la granja porcícola. la selección de las razas ha sido una preocupación primordial a través de la historia, pues estas son determinantes para alcanzar una mejor productividad y rentabilidad en todos los órdenes. aquí; además de conocer las razas porcinas del mundo, se describen los distintos cruces y su comportamiento en américa latina dadas las condiciones climáticas de nuestro suelo y la diversidad de nutrimentos que se ofrecen. |
| 650 14 - PUNTO DE ACCESO ADICIONAL DE MATERIA--TÉRMINO DE MATERIA |
| Término de materia o nombre geográfico como elemento de entrada |
Cria de cerdos |
| Fuente del encabezamiento o término |
LEMB |
| Subdivisión de forma |
recurso electrónico |
| 9 (RLIN) |
90789 |
| 650 1# - PUNTO DE ACCESO ADICIONAL DE MATERIA--TÉRMINO DE MATERIA |
| Término de materia o nombre geográfico como elemento de entrada |
Cría de cerdos |
| Fuente del encabezamiento o término |
LEMB |
| Subdivisión de forma |
Manuales |
| -- |
recurso electrónico |
| 9 (RLIN) |
90790 |
| 650 14 - PUNTO DE ACCESO ADICIONAL DE MATERIA--TÉRMINO DE MATERIA |
| Término de materia o nombre geográfico como elemento de entrada |
Cerdos |
| Fuente del encabezamiento o término |
LEMB |
| Subdivisión general |
Cría y desarrollo |
| Subdivisión de forma |
recurso electrónico |
| 9 (RLIN) |
90858 |
| 700 1# - ENTRADA AGREGADA--NOMBRE PERSONAL |
| Nombre de persona |
Durán Ramírez, Felipe |
| 9 (RLIN) |
7601 |
| Término indicativo de función/relación |
fotografía |
| 700 1# - ENTRADA AGREGADA--NOMBRE PERSONAL |
| Nombre de persona |
Durán Naranjo, Luis Felipe |
| Término indicativo de función/relación |
fotografía |
| 700 1# - ENTRADA AGREGADA--NOMBRE PERSONAL |
| Nombre de persona |
Durán Naranjo, Jonathan |
| Término indicativo de función/relación |
fotografía |
| 942 ## - ELEMENTOS DE ENTRADA SECUNDARIOS (KOHA) |
| Fuente del sistema de clasificación o colocación |
Clasificación Decimal Dewey |
| Tipo de ítem Koha |
Referencia |